000 00693nam a2200241 i 4500
001 C2-0242487
003 PPAK
005 20180727204453.0
008 021001s2002 my |||| ||||| | may d
020 _a9830993752
040 _aPPAK
_beng
_cPPAK
_erda
082 0 4 _a297.34
_223
090 0 0 _a297.34
_bTAU
_dG
245 0 0 _aTauhid Agong Imam Abu Hanifah dan Imam Syafie r.a
264 1 _aKuala Lumpur :
_bAl-Hidayah Publisher ,
_c2002
300 _aviii, 110 pages ;
_c21 cm
336 _2rdacontent
_atext
337 _2rdamedia
_aunmediated
338 _2rdacarrier
_avolume
650 1 0 _aFaith - Islam ; Islam - Doctrines
700 0 _aMuhammad Nur Lubis,
_ecompile
942 _ddc
_cB
999 _c57234
_d57234